00490 2200169 4500245005300000020002200053250001100075100002600086650002000112005001900132260003700151041001400188084000800202300001800210500008300228336000900311 aSkenario Maha CintacSafar UbaknomminakbaihText a978-602-71451-4-6 aCet. 2 aSafar Ubaknomminakbai aKumpulan Cerpen a20231005131724 aMalangbLovRinz Publishingc2014 aIndonesia a813 ax, 223 hlm. : amembaca cerpen ini membuat terharu inilah kisah-kisah yang penuh dengan ibroh. atext